书目信息 |
| 题名: |
领导力的开发与训练
|
|
| 作者: | 斯通, , 帕克, 著 ;詹正茂 , 朱美琴 译 | |
| 分册: | ||
| 出版信息: | 北京 机械工业出版社 2004.07 |
|
| 页数: | 286页 | |
| 开本: | 23cm | |
| 丛书名: | ||
| 单 册: | ||
| 中图分类: | C933 | |
| 科图分类: | ||
| 主题词: | 领导学 | |
| 电子资源: | ||
| ISBN: | 7-111-14439-2 | |
| 000 | 01319nam0 2200313 45 | |
| 001 | 192004004313 | |
| 005 | 20070906163637.84 | |
| 010 | @a7-111-14439-2@dCNY36.00 | |
| 100 | @a20070604d2004 ekmy0chiy0121 ea | |
| 101 | 1 | @achi@ceng |
| 102 | @aCN@b110000 | |
| 105 | @aak a 000yy | |
| 200 | 1 | @a领导力的开发与训练@Aling dao li de kai fa yu xun lian@f(英) 克里斯·帕克, 布莱恩·斯通著@d= Developing management skills for leadership@fChris Parker, Brian Stone@g詹正茂, 朱美琴译@zeng |
| 210 | @a北京@c机械工业出版社@d2004.07 | |
| 215 | @a286页@c图@d23cm | |
| 300 | @a并列题名:Developing management skills for leadership | |
| 306 | @a本书中文简体字版由Pearson Education Limired授权机械工业出版社在中华人民共和国境内独家出版发行。 | |
| 320 | @a有书目 | |
| 330 | @a本书分四部分系统全面地论述了管理的核心技能和知识, 内容包括: 领导的基础、基本领导技能: 创造价值、重要领导技能: 共享价值、领导与学习等。 | |
| 333 | @a本书适合任何希望开发自己的管理和领导技能的人阅读。 | |
| 510 | 1 | @aDeveloping management skills for leadership@zeng |
| 606 | 0 | @a领导学 |
| 690 | @aC933@v4 | |
| 701 | 1 | @a斯通,@Asi tong@bB.@g(Stone, Brian)@4著 |
| 701 | 1 | @a帕克,@Apa ke@bC.@g(Parker, Chris)@4著 |
| 702 | 0 | @a詹正茂@Azhan zheng mao@4译 |
| 702 | 0 | @a朱美琴@Azhu mei qin@4译 |
| 801 | 0 | @aCN@c20070906 |
| 905 | @dC933@eP021 | |
| 领导力的开发与训练/(英) 克里斯·帕克, 布莱恩·斯通著= Developing management skills for leadership/Chris Parker, Brian Stone/詹正茂, 朱美琴译.-北京:机械工业出版社,2004.07 |
| 286页:图;23cm |
| 并列题名:Developing management skills for leadership.-使用对象:本书适合任何希望开发自己的管理和领导技能的人阅读。 |
| ISBN 7-111-14439-2:CNY36.00 |
| 本书分四部分系统全面地论述了管理的核心技能和知识, 内容包括: 领导的基础、基本领导技能: 创造价值、重要领导技能: 共享价值、领导与学习等。 |
| ● |
| 相关链接 |
|
|
|
正题名:领导力的开发与训练
索取号:C933/P021
 
预约/预借
| 序号 | 登录号 | 条形码 | 馆藏地/架位号 | 状态 | 备注 |
| 1 | 618642 | 206186429 | 社科库509/509社科库 65排5列3层/ [索取号:C933/P021] | 在馆 | |
| 2 | 618643 | 206186438 | 社科库509/509社科库 65排5列3层/ [索取号:C933/P021] | 在馆 | |
| 3 | 618644 | 206186447 | 社科库509/509社科库 65排5列3层/ [索取号:C933/P021] | 在馆 |